Finančný spravodajca 2007 (archív pre predplatiteľov Finančného spravodajcu 2007)

Saved in:
Bibliographic Details
Corporate Author: Ministerstvo financií Slovenskej republiky
Format: Book
Language:Slovak
Published: Žilina Poradca podnikateľa [2008]
Subjects:
Tags: Add Tag
No Tags, Be the first to tag this record!

MARC

LEADER 00000nlm$a2200000$$$4500
001 0071942
005 20240326130121.5
020 |a 978-80-88931-84-3 
041 0 |a slo 
044 |a SK 
245 1 0 |a Finančný spravodajca 2007  |b (archív pre predplatiteľov Finančného spravodajcu 2007) 
264 1 |a Žilina  |b Poradca podnikateľa  |c [2008] 
300 |a CD-ROM 
500 |a Obsah: Finančný spravodajca 2007, archív 2003, 2004, 2005, 2006; Rozhodnutia vyšších územných celkov 2003, 2004 
610 2 0 |a financie 
610 2 0 |a rozpočtovníctvo 
610 2 0 |a účtovníctvo 
610 2 0 |a dane 
610 2 0 |a vyššie územné celky 
110 2 |a Ministerstvo financií Slovenskej republiky